[Event "Mindsports"]
[Site "Beijing CHN"]
[Date "2008.10.07"]
[EventDate "2008.10.05"]
[Round "9"]
[Result "0-1"]
[White "Kubra Ozturk"]
[Black "Baira Kovanova"]
[WhiteElo "2254"]
[BlackElo "2379"]
[PlyCount "68"]

1. d4 Nf6 2. c4 e6 3. Nf3 b6 4. e3 d5 5. Be2 Be7 6. O-O O-O
7. Nbd2 Bb7 8. b3 Nbd7 9. Bb2 Ne4 10. cxd5 exd5 11. Rc1 Bd6
12. Ne5 Qe7 13. Nxe4 dxe4 14. Nc4 Bd5 15. Nxd6 Qxd6 16. Qc2 c6
17. Bc4 Nf6 18. Bxd5 Ng4 19. g3 Qh6 20. h4 cxd5 21. Qc6 Qh5
22. Ba3 Rfe8 23. Qd6 h6 24. Rc6 Re6 25. Qc7 Rae8 26. Rfc1 Rxc6
27. Qxc6 Re6 28. Bd6 Kh7 29. Qd7 Nxf2 30. Kxf2 Qf3+ 31. Ke1
Qxe3+ 32. Kd1 Qd3+ 33. Ke1 e3 34. Rd1 Qc3+ 0-1

[Event "Mindsports"]
[Site "Beijing CHN"]
[Date "2008.10.08"]
[EventDate "2008.10.08"]
[Round "2"]
[Result "1/2-1/2"]
[White "Kubra Ozturk"]
[Black "Yifan Hou"]
[WhiteElo "2254"]
[BlackElo "2578"]
[PlyCount "211"]

1. d4 e6 2. Nf3 Nf6 3. c4 c5 4. g3 cxd4 5. Nxd4 Nc6 6. Nc2 Be7
7. Bg2 b6 8. O-O O-O 9. Nc3 Bb7 10. e4 d6 11. b3 a6 12. Bb2
Ne5 13. Ne3 Qc7 14. Qe2 Rac8 15. Rac1 Ned7 16. Rfd1 Rfe8
17. h3 Qb8 18. f4 Qa8 19. Ng4 h6 20. Kh2 Qb8 21. Nxf6+ Nxf6
22. Re1 Nd7 23. Nd1 Bf8 24. Nf2 d5 25. cxd5 Rxc1 26. Rxc1 exd5
27. Qg4 Nc5 28. exd5 Bc8 29. Qf3 Bd6 30. Nd3 Bf5 31. Nxc5 bxc5
32. Qc3 f6 33. Re1 Qd8 34. Rxe8+ Qxe8 35. Qf3 Qe1 36. Bc3 Qc1
37. Bf1 Qc2+ 38. Bg2 Qxa2 39. g4 Bd7 40. Be1 Qc2 41. Bg3 Qd2
42. f5 Bxg3+ 43. Qxg3 a5 44. Qd6 Be8 45. Qxc5 Qf4+ 46. Kg1 a4
47. bxa4 Qxa4 48. d6 Bd7 49. Qd5+ Kh7 50. Qd2 Qa1+ 51. Kh2
Qe5+ 52. Kh1 Qa1+ 53. Kh2 Qe5+ 54. Kg1 Qa1+ 55. Kf2 Qa7+
56. Qe3 Qa2+ 57. Kg3 Qa6 58. Qf4 Qd3+ 59. Kh2 Qd1 60. Qg3 Qd4
61. Bf3 Qd2+ 62. Bg2 Bc6 63. h4 Bxg2 64. Qxg2 Qxd6+ 65. Qg3
Qd2+ 66. Qg2 Qf4+ 67. Qg3 Qd4 68. Qf3 h5 69. Kg3 Qe5+ 70. Kh3
hxg4+ 71. Qxg4 Qe3+ 72. Kg2 Qd2+ 73. Kh3 Qd3+ 74. Kg2 Kg8
75. h5 Kf8 76. Qg6 Qe4+ 77. Kg3 Qe3+ 78. Kg2 Qe2+ 79. Kg3 Qe4
80. Kh3 Qf3+ 81. Kh2 Qf1 82. Qg4 Qf2+ 83. Kh3 Qe3+ 84. Kg2 Qh6
85. Kf3 Qc1 86. Qb4+ Kg8 87. Qg4 Qd2 88. Qg6 Kf8 89. Ke4 Qe2+
90. Kd4 Qe5+ 91. Kd3 Qf4 92. Ke2 Qc4+ 93. Kf2 Qe4 94. Kg3 Qe7
95. Kf2 Qc5+ 96. Kf3 Qd5+ 97. Kf2 Qd3 98. Kg2 Qd7 99. Kf3 Qd1+
100. Kf2 Qh1 101. Qg4 Qh2+ 102. Kf1 Qe5 103. Qb4+ Kg8
104. Qc4+ Kh8 105. Qg4 Qe3 106. Kg2 1/2-1/2

[Event "Mindsports"]
[Site "Beijing CHN"]
[Date "2008.10.08"]
[EventDate "2008.10.08"]
[Round "3"]
[Result "1/2-1/2"]
[White "Li Ruofan"]
[Black "Kubra Ozturk"]
[WhiteElo "2426"]
[BlackElo "2254"]
[PlyCount "146"]

1. d4 d5 2. c4 dxc4 3. Nf3 Nf6 4. e3 c5 5. Bxc4 e6 6. Qe2 a6
7. O-O b5 8. Bb3 Bb7 9. Rd1 Qb6 10. Nc3 Be7 11. e4 cxd4
12. Nxd4 Nc6 13. Be3 Bc5 14. Nc2 Bxe3 15. Qxe3 Qxe3 16. Nxe3
O-O 17. f3 Rfd8 18. Kf2 Nd4 19. h4 Nxb3 20. axb3 Nd7 21. b4
Ne5 22. Ke2 Kf8 23. Rac1 Nc6 24. Nc2 Ke7 25. f4 Rxd1 26. Rxd1
Rd8 27. Rxd8 Kxd8 28. Kd3 Kc7 29. g3 Kb6 30. h5 a5 31. bxa5+
Kxa5 32. Ke3 b4 33. Ne2 Ba6 34. Ned4 Ne7 35. b3 Bb7 36. Nf3 f6
37. Nfe1 Ba6 38. Nd3 Bxd3 39. Kxd3 Kb5 40. Nd4+ Kc5 41. Nxe6+
Kd6 42. Nxg7 Nc6 43. Nf5+ Kc5 44. g4 Na5 45. Kc2 Nc6 46. g5
fxg5 47. fxg5 Ne5 48. Kb2 Nd3+ 49. Kc2 Nf4 50. g6 hxg6
51. hxg6 Nxg6 52. Ne3 Ne5 53. Nf5 Nc6 54. Kd3 Ne5+ 55. Ke3 Nc6
56. Ng3 Na5 57. e5 Nxb3 58. Ne2 Kd5 59. Kf4 Nc5 60. Nc1 Ne6+
61. Kf5 Nd4+ 62. Kf6 Ne6 63. Nb3 Nc7 64. Kf5 Ne6 65. Kf6 Nc7
66. Na5 Ne6 67. Nb3 Nc7 68. Nc1 Ne8+ 69. Kf5 Ng7+ 70. Kf6 Ne8+
71. Kf5 Ng7+ 72. Kf6 Ne8+ 73. Kf5 Ng7+ 1/2-1/2

[Event "Mindsports"]
[Site "Beijing CHN"]
[Date "2008.10.08"]
[EventDate "2008.10.08"]
[Round "5"]
[Result "1-0"]
[White "Tania Sachdev"]
[Black "Kubra Ozturk"]
[WhiteElo "2425"]
[BlackElo "2254"]
[PlyCount "84"]

1. d4 d5 2. Nf3 Nf6 3. c4 dxc4 4. Qa4+ c6 5. Qxc4 b5 6. Qc2
Bb7 7. e4 g6 8. Bd3 Bg7 9. O-O O-O 10. h3 Nbd7 11. Be3 a6
12. Nbd2 Re8 13. Nb3 Rc8 14. Rfd1 Qc7 15. Qd2 Red8 16. Rac1
Qb8 17. Bf4 Qa7 18. Be3 Qb8 19. Rc2 Ne8 20. Rdc1 e5 21. Bg5 f6
22. Be3 exd4 23. Nbxd4 Ne5 24. Nxe5 fxe5 25. Ne6 Rd6 26. Nxg7
Kxg7 27. Bh6+ Kh8 28. Qe3 Qc7 29. Be2 Qf7 30. Qg5 Rcd8 31. Rc3
Qf6 32. Qg4 Qe6 33. Qh4 Nf6 34. Bg5 Rf8 35. Rf3 Nd7 36. Be7
Rxf3 37. Bxf3 Rd2 38. Bg4 Qf7 39. Bxd7 Rxd7 40. Bf6+ Kg8
41. Bxe5 c5 42. Rxc5 Re7 1-0

[Event "Mindsports"]
[Site "Beijing CHN"]
[Date "2008.10.08"]
[EventDate "2008.10.08"]
[Round "7"]
[Result "0-1"]
[White "Kubra Ozturk"]
[Black "Hoang Thanh Trang"]
[WhiteElo "2254"]
[BlackElo "2483"]
[PlyCount "84"]

1. d4 b6 2. Nf3 Bb7 3. e3 e6 4. c4 f5 5. Nc3 Nf6 6. Be2 Be7
7. O-O O-O 8. b3 Qe8 9. Bb2 Na6 10. Rc1 Ne4 11. Ne1 d6 12. Bf3
c5 13. Bxe4 fxe4 14. Qg4 Qg6 15. Qxg6 hxg6 16. a3 cxd4
17. exd4 Bf6 18. Nc2 d5 19. Nb5 Nc5 20. dxc5 Bxb2 21. Rb1 Be5
22. cxb6 axb6 23. Ncd4 Rfe8 24. a4 dxc4 25. bxc4 Rxa4 26. Rfc1
Kf7 27. Nb3 Rc8 28. c5 Rb4 29. Na7 Rc7 30. Nd2 bxc5 31. Rxb4
cxb4 32. Rb1 Bc3 33. Nb5 Rd7 34. Nc4 Ke7 35. h3 Ba6 36. Ncd6
Rxd6 37. Nxd6 Kxd6 38. Rd1+ Bd3 39. f3 Kc5 40. fxe4 Bxe4
41. Kf2 b3 42. Ke3 Bc2 0-1

[Event "Mindsports"]
[Site "Beijing CHN"]
[Date "2008.10.08"]
[EventDate "2008.10.08"]
[Round "8"]
[Result "1-0"]
[White "Elvira Berend"]
[Black "Kubra Ozturk"]
[WhiteElo "2328"]
[BlackElo "2254"]
[PlyCount "101"]

1. e4 e5 2. Nf3 Nc6 3. Bc4 Nf6 4. d3 Be7 5. O-O O-O 6. c3 d5
7. exd5 Nxd5 8. Re1 Bg4 9. h3 Bh5 10. Bb3 Nb6 11. Be3 Qd6
12. Na3 Rad8 13. Bc2 Nd5 14. Nc4 Qe6 15. Qe2 b5 16. Ncd2 Nxe3
17. Qxe3 Bd6 18. Ne4 Bg6 19. Bb3 Qc8 20. Rad1 a5 21. a4 b4
22. Nh4 bxc3 23. Nxg6 hxg6 24. bxc3 Ne7 25. Bc4 Nf5 26. Qa7
Qa8 27. Qxa8 Rxa8 28. Rb1 Rab8 29. Ng5 Rxb1 30. Rxb1 Be7
31. Ne4 Nd6 32. Nxd6 Bxd6 33. Rb5 Ra8 34. Bd5 c6 35. Bxc6 Rc8
36. Rb6 Bc5 37. Ra6 Kh7 38. Kf1 Ba3 39. Ke2 Bc5 40. Bd5 Be7
41. Bxf7 Rxc3 42. Bxg6+ Kh6 43. g3 Rc2+ 44. Kf3 Rc5 45. Be4+
Bf6 46. h4 Kh5 47. Ra8 g5 48. Ra6 g4+ 49. Ke3 Bg7 50. Bg6+ Kh6
51. Ke4 1-0

[Event "Mindsports"]
[Site "Beijing CHN"]
[Date "2008.10.13"]
[EventDate "2008.10.13"]
[Round "3"]
[Result "0-1"]
[White "Kubra Ozturk"]
[Black "Nisha Mohota"]
[WhiteElo "2254"]
[BlackElo "2311"]
[PlyCount "54"]

1. d4 d5 2. Nf3 Nf6 3. c4 e6 4. g3 Be7 5. Bg2 O-O 6. O-O dxc4
7. Qc2 a6 8. Qxc4 b5 9. Qc2 Bb7 10. Bf4 Nc6 11. Nbd2 Rc8
12. e3 Nb4 13. Qb3 Bd5 14. Qd1 c5 15. dxc5 Bxc5 16. Ne5 Bxg2
17. Kxg2 Nfd5 18. Ne4 Nxf4+ 19. gxf4 Be7 20. a3 Nd5 21. Kh1
Bf6 22. Qf3 Bxe5 23. fxe5 Ne7 24. Rg1 Ng6 25. Qg3 Nh4 26. f4
Ng6 27. Rg2 Rc2 0-1

[Event "Mindsports"]
[Site "Beijing CHN"]
[Date "2008.10.13"]
[EventDate "2008.10.13"]
[Round "7"]
[Result "0-1"]
[White "Kubra Ozturk"]
[Black "Huang Qian"]
[WhiteElo "2254"]
[BlackElo "2430"]
[PlyCount "88"]

1. d4 Nf6 2. Nf3 g6 3. c4 Bg7 4. g3 d5 5. Bg2 O-O 6. O-O dxc4
7. Qc2 c6 8. Qxc4 Nbd7 9. Bf4 Nb6 10. Qc1 Re8 11. Nc3 Bf5
12. Re1 Ne4 13. Be5 Nd5 14. Bxg7 Kxg7 15. Nh4 Nexc3 16. bxc3
Be6 17. e4 Nb6 18. Qg5 h6 19. Qf4 Qd6 20. e5 Qd7 21. Nf3 Nd5
22. Qd2 Nb6 23. a4 Rac8 24. a5 Nc4 25. Qe2 Qc7 26. a6 b5
27. Nd2 Red8 28. Ne4 Nb6 29. Nc5 Nd7 30. Nxe6+ fxe6 31. Qg4
Nf8 32. h4 h5 33. Qf4 Nh7 34. g4 Rf8 35. Qg3 hxg4 36. Qxg4 Rf5
37. h5 Rxh5 38. Qxe6 Ng5 39. Qg4 Rch8 40. f4 Nf7 41. Be4 R8h6
42. f5 Rg5 43. f6+ exf6 44. exf6+ Kh7 0-1

[Event "Mindsports"]
[Site "Beijing CHN"]
[Date "2008.10.13"]
[EventDate "2008.10.13"]
[Round "9"]
[Result "0-1"]
[White "Kubra Ozturk"]
[Black "Natalia Pogonina"]
[WhiteElo "2254"]
[BlackElo "2474"]
[PlyCount "142"]

1. d4 Nf6 2. Nf3 c5 3. g3 g6 4. Bg2 Bg7 5. O-O cxd4 6. Nxd4
O-O 7. c4 Nc6 8. Nc2 d6 9. Nc3 Be6 10. b3 Qd7 11. Bb2 Bh3
12. e4 Bxg2 13. Kxg2 Rac8 14. Ne3 e6 15. Qd2 Rfd8 16. Rfd1 Qe7
17. Rac1 a6 18. Qe2 Ne5 19. f3 Nc6 20. Na4 Rb8 21. Nc3 Ne8
22. a3 Nd4 23. Rxd4 Bxd4 24. Ncd5 exd5 25. Bxd4 dxe4 26. Nd5
Qe6 27. fxe4 f5 28. e5 Rbc8 29. Nf4 Qd7 30. e6 Qc6+ 31. Kg1
Ng7 32. e7 Re8 33. Re1 Qe4 34. Qxe4 fxe4 35. Nd5 Nf5 36. Nf6+
Kf7 37. Nxe8 Rxe8 38. Rxe4 Rxe7 39. Rxe7+ Kxe7 40. Bb6 Ke6
41. Kf2 d5 42. g4 Nd6 43. cxd5+ Kxd5 44. Ke3 Nb5 45. a4 Nd6
46. h3 Ne4 47. Bd8 Nc5 48. b4 Nxa4 49. Bf6 Nb6 50. Kd3 Nd7
51. Bc3 b6 52. h4 Nf8 53. h5 gxh5 54. gxh5 Ne6 55. Ke3 Kc4
56. Be1 Nd4 57. Ke4 Nc2 58. Bd2 Nxb4 59. Kf5 a5 60. Kf6 a4
61. Bf4 Nd3 62. Bh6 a3 63. Bg7 Nb2 64. Kf7 Kb3 65. Kg8 a2
66. Kxh7 a1=Q 67. Kh8 Qa8+ 68. Kh7 Qe4+ 69. Kg8 Nc4 70. h6
Qe8+ 71. Kh7 Nd6 0-1

[Event "Mindsports"]
[Site "Beijing CHN"]
[Date "2008.10.14"]
[EventDate "2008.10.13"]
[Round "1.1"]
[Result "1/2-1/2"]
[White "Kubra Ozturk"]
[Black "Huang Qian"]
[WhiteElo "2254"]
[BlackElo "2430"]
[PlyCount "134"]

1. d4 Nf6 2. Nf3 g6 3. c4 Bg7 4. g3 O-O 5. Bg2 d5 6. O-O dxc4
7. Qc2 c6 8. Qxc4 Nbd7 9. Nc3 Nb6 10. Qd3 Be6 11. b3 Nbd5
12. Bb2 Nxc3 13. Bxc3 Bf5 14. Qd1 Be4 15. Rc1 Re8 16. Bb2 Nd5
17. Nd2 Bxg2 18. Kxg2 Rc8 19. Ne4 b6 20. Qd2 Qd7 21. Rfd1 Red8
22. Nc3 e6 23. Ne4 h6 24. Ba3 Nf6 25. Nd6 Rc7 26. Nc4 c5
27. Ne5 Qd5+ 28. Nf3 Rcd7 29. Qc2 cxd4 30. Rxd4 Qb7 31. Rxd7
Qxd7 32. Qc4 a5 33. Bb2 Qd5 34. Qxd5 Nxd5 35. Bxg7 Kxg7
36. Rc2 Nb4 37. Rc7 Rd5 38. Rb7 b5 39. Ra7 Nxa2 40. Rxa5 Nc3
41. e3 Rc5 42. Nd4 e5 43. Nf3 Rd5 44. Ra7 Ne4 45. Re7 Kf6
46. Rb7 Rc5 47. Rb6+ Kg7 48. Ne1 Rc3 49. Rxb5 Kf6 50. Rb6+ Kg7
51. b4 Nf6 52. Rb7 Nd5 53. b5 Rb3 54. Nf3 Kf6 55. e4 Nc3
56. Rb6+ Kg7 57. Nxe5 Rxb5 58. Rxb5 Nxb5 59. Nd3 Nc3 60. e5 f6
61. e6 Kf8 62. Nc5 Ke7 63. f4 f5 64. Kf3 Kd6 65. e7 Kxe7
66. Nd3 Kf6 67. Ne5 Ne4 1/2-1/2

[Event "Mindsports"]
[Site "Beijing CHN"]
[Date "2008.10.14"]
[EventDate "2008.10.13"]
[Round "1.2"]
[Result "0-1"]
[White "Huang Qian"]
[Black "Kubra Ozturk"]
[WhiteElo "2430"]
[BlackElo "2254"]
[PlyCount "76"]

1. d4 d5 2. Nf3 Nf6 3. c4 dxc4 4. Nc3 a6 5. e4 c5 6. Bxc4 cxd4
7. Nxd4 e5 8. Nf3 Qxd1+ 9. Kxd1 Bg4 10. Be3 Nc6 11. Kc2 b5
12. Bd5 Nb4+ 13. Kb3 Nbxd5 14. Nxd5 Be6 15. Ng5 Nxd5 16. Nxe6
fxe6 17. exd5 exd5 18. f4 e4 19. Bd4 Bd6 20. Bxg7 Rg8 21. Bd4
Rxg2 22. Rhg1 Rxg1 23. Rxg1 Kf7 24. Rg7+ Ke6 25. Rxh7 Bxf4
26. h4 Rg8 27. Ra7 Rg3+ 28. Kc2 Rg2+ 29. Kb3 e3 30. Rxa6+ Kf5
31. Ra8 Ke4 32. Bc5 e2 33. Re8+ Kd3 34. Bb4 Rg3 35. h5 Rh3
36. Rd8 d4 37. Re8 Bd2 38. Bxd2 Kxd2+ 0-1

[Event "Mindsports"]
[Site "Beijing CHN"]
[Date "2008.10.14"]
[EventDate "2008.10.13"]
[Round "2.1"]
[Result "0-1"]
[White "Le Thao Nguyen Pham"]
[Black "Kubra Ozturk"]
[WhiteElo "2304"]
[BlackElo "2254"]
[PlyCount "83"]

1. d4 d5 2. Nf3 Nf6 3. e3 g6 4. Be2 Bg7 5. O-O O-O 6. b3 c5
7. Bb2 Nbd7 8. Nbd2 b6 9. c4 Bb7 10. Rc1 Rc8 11. Re1 cxd4
12. exd4 dxc4 13. bxc4 Ne4 14. Qa4 Nxd2 15. Nxd2 Nc5 16. dxc5
Bxb2 17. Rc2 Bd4 18. cxb6 axb6 19. Nb3 Bg7 20. Bf1 Qd6 21. Rd2
Qf4 22. Rxe7 Be5 23. Rxe5 Qxe5 24. Qb4 Qc7 25. Rd6 Ba6 26. Nd2
Rcd8 27. Ne4 Rxd6 28. Nxd6 Bc8 29. h3 Be6 30. Ne4 f6 31. Qb2
Kg7 32. Qd4 Rf7 33. f3 Bf5 34. Kh1 Bxe4 35. Qxe4 Re7 36. Qb1
Qc5 37. Bd3 Qf2 38. Kh2 Qd4 39. Be4 Qe5+ 40. Kh1 f5 41. Bd5
Qe1+ 42. Qxe1 0-1

[Event "Mindsports"]
[Site "Beijing CHN"]
[Date "2008.10.14"]
[EventDate "2008.10.13"]
[Round "2.2"]
[Result "0-1"]
[White "Kubra Ozturk"]
[Black "Le Thao Nguyen Pham"]
[WhiteElo "2254"]
[BlackElo "2304"]
[PlyCount "95"]

1. d4 d5 2. Nf3 Nf6 3. c4 e6 4. g3 Be7 5. Bg2 O-O 6. O-O b6
7. b3 Bb7 8. Bb2 Nbd7 9. Nbd2 dxc4 10. Nxc4 c5 11. Nce5 Nxe5
12. dxe5 Nd7 13. Qc2 Qc7 14. Rfd1 Rfd8 15. Qc4 Nf8 16. Ne1
Bxg2 17. Kxg2 Qb7+ 18. f3 b5 19. Qc2 a6 20. Nd3 Rac8 21. Nf2
c4 22. Rxd8 Bxd8 23. Ne4 cxb3 24. Qxb3 Rc6 25. Rd1 Be7 26. Bd4
h6 27. Bf2 Ng6 28. Qb2 Qc7 29. Qd4 Nxe5 30. Rd2 Nc4 31. Rd1
Bf8 32. h4 Ne5 33. h5 Rc4 34. Qd2 Nc6 35. Rh1 Ne7 36. Rd1 Nd5
37. Qd3 Rc2 38. a4 Qc4 39. axb5 axb5 40. Qxc4 bxc4 41. Bc5
Rxe2+ 42. Kf1 Rc2 43. Bxf8 Kxf8 44. Ra1 Kg8 45. Ra8+ Kh7
46. Nd6 c3 47. Nxf7 g5 48. hxg6+ 0-1

[Event "Mindsports"]
[Site "Beijing CHN"]
[Date "2008.10.14"]
[EventDate "2008.10.14"]
[Round "2"]
[Result "1/2-1/2"]
[White "Natalia Zdebskaja"]
[Black "Kubra Ozturk"]
[WhiteElo "2419"]
[BlackElo "2254"]
[PlyCount "119"]

1. e4 e5 2. Nf3 Nc6 3. Bb5 a6 4. Ba4 Nf6 5. O-O b5 6. Bb3 Bb7
7. Re1 Bc5 8. c3 d6 9. d4 Bb6 10. Be3 O-O 11. Nbd2 h6 12. h3
Re8 13. d5 Ne7 14. Bxb6 cxb6 15. Nh4 Nd7 16. Qg4 Nf8 17. Nf5
Nxf5 18. exf5 a5 19. a4 Nd7 20. Ne4 Nf6 21. Nxf6+ Qxf6
22. axb5 Bc8 23. Bc2 Bd7 24. Bd3 g6 25. Qg3 Bxf5 26. Bxf5 Qxf5
27. Qe3 e4 28. Rad1 Rab8 29. Qxh6 Rbc8 30. Rd4 Re5 31. c4 Rce8
32. Re3 Qf6 33. g4 R5e7 34. Rd2 a4 35. Kg2 Rc7 36. Rc3 a3
37. Rxa3 Rxc4 38. Qe3 Rc5 39. Qe2 Qe5 40. Ra6 Rb8 41. Ra4 Rxd5
42. Rxd5 Qxd5 43. Qxe4 Qxb5 44. Rb4 Qc5 45. Rc4 Qb5 46. Rc2
Re8 47. Qd4 Qe5 48. Rd2 Qxd4 49. Rxd4 Re2 50. Rb4 d5 51. Rxb6
d4 52. b3 Rb2 53. Kf3 d3 54. Ke3 d2 55. Ke2 Kg7 56. b4 d1=Q+
57. Kxd1 Rxf2 58. h4 Rf4 59. h5 Rxg4 60. hxg6 1/2-1/2

[Event "Mindsports"]
[Site "Beijing CHN"]
[Date "2008.10.15"]
[EventDate "2008.10.14"]
[Round "5"]
[Result "0-1"]
[White "Ilze Berzina"]
[Black "Kubra Ozturk"]
[WhiteElo "2320"]
[BlackElo "2254"]
[PlyCount "80"]

1. e4 e5 2. Nf3 Nc6 3. Bb5 a6 4. Ba4 Nf6 5. O-O b5 6. Bb3 Bb7
7. d3 Be7 8. a4 d6 9. c3 O-O 10. Na3 Qd7 11. Bg5 Na5 12. Bc2
c5 13. Bd2 Bc6 14. b4 Nb7 15. Re1 Rfe8 16. Rb1 h6 17. h3 Bf8
18. Bb3 bxa4 19. Ba2 cxb4 20. cxb4 d5 21. exd5 Bxd5 22. Bxd5
Qxd5 23. Qxa4 Qxd3 24. Rbd1 Qf5 25. Nc4 e4 26. Nd4 Qd7 27. Qa1
Rad8 28. Bc3 Qc7 29. Ne3 Nd5 30. Nxd5 Rxd5 31. Rc1 Qb6 32. Ne2
Nd6 33. Ng3 e3 34. fxe3 Rxe3 35. Kh2 Nf5 36. Nxf5 Rxf5
37. Rxe3 Qxe3 38. Re1 Qf4+ 39. Kg1 Bd6 40. Re8+ Kh7 0-1

[Event "Mindsports"]
[Site "Beijing CHN"]
[Date "2008.10.16"]
[EventDate "2008.10.14"]
[Round "7"]
[Result "0-1"]
[White "Kubra Ozturk"]
[Black "Nisha Mohota"]
[WhiteElo "2254"]
[BlackElo "2311"]
[PlyCount "73"]

1. d4 d5 2. Nf3 Nf6 3. c4 e6 4. g3 Be7 5. Bg2 O-O 6. O-O dxc4
7. Qc2 a6 8. a4 Bd7 9. Qxc4 Bc6 10. Bf4 Nbd7 11. Nbd2 Nd5
12. Ne5 Nxe5 13. Bxe5 Nb6 14. Qc2 Bxg2 15. Kxg2 c6 16. Nf3 f6
17. Bf4 g5 18. Be3 Qd5 19. Kg1 Nc4 20. Nd2 Nxe3 21. fxe3 g4
22. Qc4 f5 23. Rac1 Bg5 24. Rc3 Rae8 25. Qd3 Rd8 26. Rfc1 Rf6
27. Rc5 Qd7 28. Nc4 h5 29. Kg2 h4 30. Ne5 Qh7 31. Nxg4 Rg6
32. Ne5 Rg7 33. Rg1 hxg3 34. hxg3 Bh4 35. g4 Qh6 36. e4 Bf6
37. Rh1 0-1

[Event "Mindsports"]
[Site "Beijing CHN"]
[Date "2008.10.16"]
[EventDate "2008.10.14"]
[Round "9"]
[Result "1/2-1/2"]
[White "Nadezhda Azarova"]
[Black "Kubra Ozturk"]
[WhiteElo "2308"]
[BlackElo "2254"]
[PlyCount "70"]

1. e4 e5 2. Nf3 Nc6 3. Bc4 Nf6 4. d3 Be7 5. O-O O-O 6. Bb3 d6
7. c3 Kh8 8. Ng5 Bg4 9. Qe1 Bh5 10. f4 exf4 11. Bxf4 Bg6
12. Nf3 Nh5 13. Be3 f5 14. exf5 Bxf5 15. Qd2 Ne5 16. d4 Ng4
17. Bg5 h6 18. Bxe7 Qxe7 19. Na3 Qe3+ 20. Qxe3 Nxe3 21. Rfe1
Rae8 22. Nc4 Nxc4 23. Bxc4 Nf4 24. Rxe8 Rxe8 25. Re1 Rxe1+
26. Nxe1 Kh7 27. Kf2 Kg6 28. g3 Nh3+ 29. Ke3 Kf6 30. Nf3 Bg4
31. Bf1 Bxf3 32. Bxh3 Bd5 33. a3 g5 34. Bd7 Bg2 35. Bc8 Bd5
1/2-1/2

[Event "Girls 18-wycc"]
[Site "Vung Tau city"]
[Date "2008.10.20"]
[EventDate "2008.10.20"]
[Round "1.5"]
[Result "1/2-1/2"]
[White "Kubra Ozturk"]
[Black "Tsegmed Munkhchuluun"]
[WhiteElo "2254"]
[BlackElo "1969"]
[PlyCount "121"]

1. d4 e6 2. Nf3 Nf6 3. c4 d5 4. g3 c6 5. Qc2 Bd6 6. Bg2 O-O
7. O-O Nbd7 8. b3 Qe7 9. Bb2 e5 10. cxd5 e4 11. Nh4 Nb6
12. dxc6 bxc6 13. Qc1 Ng4 14. h3 Nh6 15. Nc3 f5 16. f4 exf3
17. Nxf3 Bxg3 18. Qg5 Qc7 19. Ne1 Rf6 20. Nd3 Rg6 21. Qe3 Be6
22. Kh1 Rd8 23. Rac1 Qd6 24. Nf4 Bxf4 25. Rxf4 Bd5 26. Nxd5
Nxd5 27. Bxd5+ Qxd5+ 28. Qf3 Re8 29. Rc2 Rg3 30. Qxd5+ cxd5
31. Rf3 Rg6 32. Bc1 Rd8 33. Kh2 Rf8 34. Rc7 Re8 35. Rf2 Rge6
36. e3 R8e7 37. Rfc2 f4 38. exf4 Rxc7 39. Rxc7 Re2+ 40. Kg1
Rxa2 41. Be3 Nf5 42. Bf2 Rb2 43. Rxa7 Rxb3 44. Rd7 Rxh3
45. Rxd5 g6 46. Kg2 Rd3 47. Rd7 Ng7 48. Bh4 Ne6 49. Bf6 Nxf4+
50. Kf2 Ne6 51. Be5 g5 52. Ke2 Rh3 53. Re7 Nf4+ 54. Bxf4 gxf4
55. d5 Kf8 56. Re4 Re3+ 57. Rxe3 fxe3 58. Kxe3 Ke7 59. Kf4 Kd6
60. Kg5 Kxd5 61. Kh6 1/2-1/2

[Event "Girls 18-wycc"]
[Site "Vung Tau city"]
[Date "2008.10.21"]
[EventDate "2008.10.20"]
[Round "2.10"]
[Result "1/2-1/2"]
[White "Tara Rahimi"]
[Black "Kubra Ozturk"]
[WhiteElo "1862"]
[BlackElo "2254"]
[PlyCount "79"]

1. e4 e5 2. Nf3 Nc6 3. Bb5 a6 4. Ba4 Nf6 5. O-O b5 6. Bb3 Bb7
7. d3 Be7 8. c3 O-O 9. Re1 d6 10. Nbd2 Na5 11. Bc2 c5 12. Nf1
h6 13. Ng3 Re8 14. Nf5 Bf8 15. h3 d5 16. Qe2 c4 17. Ng3 dxe4
18. dxe4 Nc6 19. Nf5 Kh7 20. N3h4 Ng8 21. g3 Qf6 22. Ne3 Qe6
23. Kh2 Bc8 24. g4 g6 25. Nd5 Bd6 26. b3 Nd4 27. cxd4 exd4+
28. Kg1 d3 29. Bxd3 cxd3 30. Qxd3 Bb7 31. Bb2 Be5 32. Bxe5
Qxe5 33. Nf3 Qd6 34. Rad1 Rad8 35. Qc3 Rc8 36. Qb2 Bxd5
37. Rxd5 Qf4 38. Nd2 Nf6 39. Rd3 Ng8 40. Ree3 1/2-1/2

[Event "Girls 18-wycc"]
[Site "Vung Tau city"]
[Date "2008.10.22"]
[EventDate "2008.10.20"]
[Round "3.10"]
[Result "1/2-1/2"]
[White "Kubra Ozturk"]
[Black "Aysel Bakhtiyarli"]
[WhiteElo "2254"]
[BlackElo "1988"]
[PlyCount "100"]

1. d4 Nf6 2. Nf3 e6 3. c4 Bb4+ 4. Nbd2 b6 5. e3 Bb7 6. Bd3 O-O
7. O-O d5 8. a3 Be7 9. cxd5 exd5 10. b4 Nbd7 11. Bb2 Re8
12. Qc2 Bd6 13. Rac1 Ne4 14. Bb5 Re6 15. Rfd1 Rh6 16. g3 Ndf6
17. Nxe4 Nxe4 18. Bf1 Bc8 19. Ne5 Bf5 20. Qe2 f6 21. Nd3 Qd7
22. Bg2 c6 23. Bc3 Re8 24. Be1 Ng5 25. f3 Nh3+ 26. Bxh3 Rxh3
27. Nf2 Rh6 28. Rc3 Qc7 29. Kg2 Rg6 30. Nd3 h5 31. Qd2 h4
32. Nf4 Bxf4 33. exf4 hxg3 34. Bxg3 Qd6 35. Rdc1 Bd7 36. Re3
Rxe3 37. Qxe3 f5 38. Qd2 Re6 39. Bh4 Qb8 40. Bg5 Qe8 41. Kf2
Bc8 42. Qd3 Bd7 43. Qd2 Bc8 44. Re1 Rxe1 45. Qxe1 Qxe1+
46. Kxe1 Kf7 47. Bd8 b5 48. Bc7 a6 49. Kf2 Kg6 50. Be5 Kh6
1/2-1/2

[Event "Girls 18-wycc"]
[Site "Vung Tau city"]
[Date "2008.10.22"]
[EventDate "2008.10.20"]
[Round "4.11"]
[Result "1/2-1/2"]
[White "Kubra Ozturk"]
[Black "Chantal N Sirisena"]
[WhiteElo "2254"]
[BlackElo "1935"]
[PlyCount "118"]

1. d4 d5 2. Nf3 c6 3. e3 Nf6 4. c4 e6 5. Nbd2 Nbd7 6. Qc2 Bd6
7. e4 dxe4 8. Nxe4 Nxe4 9. Qxe4 c5 10. Bd2 Nf6 11. Qc2 b6
12. O-O-O cxd4 13. Nxd4 Bd7 14. Kb1 Rc8 15. Bc3 Qc7 16. Bd3 a6
17. Qe2 O-O 18. Nf3 b5 19. Ng5 e5 20. cxb5 axb5 21. Qd2 Bc5
22. f4 Bd4 23. Bb4 Rfe8 24. fxe5 Bxe5 25. Rhf1 h6 26. Rc1 Qb7
27. Rxc8 Qxc8 28. Nf3 Bf5 29. Nxe5 Rxe5 30. Bxf5 Rxf5 31. Rc1
Qe6 32. a3 Ne4 33. Qd8+ Kh7 34. Qd3 Nf2 35. Qc2 g6 36. Re1 Qd5
37. Bc3 Qd3 38. h3 g5 39. Re2 Qxc2+ 40. Kxc2 g4 41. hxg4 Nxg4
42. b3 Nf6 43. Bd4 Kg6 44. Kd3 h5 45. Rc2 Kg5 46. Rc6 Nd5
47. Ke4 Ne7 48. Rc5 Rxc5 49. Bxc5 f5+ 50. Kf3 Nc6 51. a4 Ne5+
52. Ke2 bxa4 53. bxa4 Kg4 54. a5 h4 55. a6 Nc6 56. Bd6 f4
57. Kf2 Na7 58. Bb8 Nc6 59. Bc7 Na7 1/2-1/2

[Event "Girls 18-wycc"]
[Site "Vung Tau city"]
[Date "2008.10.23"]
[EventDate "2008.10.20"]
[Round "5.11"]
[Result "0-1"]
[White "Dieu Hoa Ngo"]
[Black "Kubra Ozturk"]
[WhiteElo "2007"]
[BlackElo "2254"]
[PlyCount "72"]

1. e4 e5 2. Nf3 Nc6 3. Bc4 Nf6 4. Ng5 d5 5. exd5 Na5 6. Bb5+
c6 7. dxc6 bxc6 8. Be2 h6 9. Nf3 e4 10. Ne5 Bd6 11. d4 exd3
12. Nxd3 Qc7 13. b3 O-O 14. h3 Re8 15. Bb2 Qe7 16. Kf1 c5
17. Bf3 c4 18. bxc4 Nxc4 19. Bd4 Ne4 20. Kg1 Bb7 21. Nc3 Ncd2
22. Bxe4 Nxe4 23. Nxe4 Bxe4 24. h4 Rad8 25. Qd2 Bb8 26. Qc3
Bxd3 27. Bxg7 Rc8 28. Qa5 Rc5 29. Qb4 a5 30. Bf6 Qxf6 31. Qg4+
Bg6 32. Rf1 h5 33. Qa4 Qc6 34. Qa3 Rxc2 35. Rh3 Bd6 36. Qb3
Rc1 0-1

[Event "Girls 18-wycc"]
[Site "Vung Tau city"]
[Date "2008.10.24"]
[EventDate "2008.10.20"]
[Round "6.8"]
[Result "1/2-1/2"]
[White "Diana Hannes"]
[Black "Kubra Ozturk"]
[WhiteElo "2055"]
[BlackElo "2254"]
[PlyCount "98"]

1. e4 e5 2. d4 exd4 3. Qxd4 Nc6 4. Qe3 Nf6 5. Nc3 Bb4 6. Bd2
O-O 7. O-O-O Re8 8. Bc4 Na5 9. Be2 d5 10. Nxd5 Nxd5 11. Qd4
Nf6 12. Qxd8 Rxd8 13. Bxb4 Rxd1+ 14. Bxd1 Nc6 15. Be1 Nxe4
16. f3 Nf6 17. Ne2 Nd5 18. Bf2 Bd7 19. Nd4 Ne5 20. Re1 Nc4
21. b3 Nd6 22. Kb2 c5 23. Re5 Nc4+ 24. bxc4 Nb6 25. Be2 f6
26. Re7 cxd4 27. Bxd4 Kf8 28. Re3 Na4+ 29. Kc1 Rc8 30. Bxa7 b6
31. Rb3 Rc6 32. Bb8 Be6 33. Rb4 Nc3 34. Kd2 Nxe2 35. Kxe2
Bxc4+ 36. Kd2 Bxa2 37. Ba7 Rd6+ 38. Kc3 Re6 39. Bxb6 Re2
40. Kb2 Bd5 41. Rd4 Bc6 42. Rc4 Bd5 43. Rd4 Bc6 44. Rc4 Bb5
45. Rc5 Be8 46. g4 Rxh2 47. Kb3 Rh3 48. Rc3 Bd7 49. Re3 Kf7
1/2-1/2